000 00660nam a2200253Ia 4500
003 OSt
005 20221007110139.0
006 a|||||r|||| 00| 0
007 ta
008 221006b |||||||| |||| 00| 0 eng d
024 _a20,470
037 _cTextual
040 _aLCO
_cLCO
_beng
041 _2eng
_aeng
082 _aZ1,8y7, K6
100 _aHambro Edvard
245 0 _aCase Law of the International Court
260 _aLeyden
_bA.W.Sijthoff UK
_c1966
300 _aVarious
490 _vVol. 1 to 76 A
650 _aINTERNATIONAL COURT
942 _hZ1,8y7, K6
_cTEXL
999 _c1190033
_d1190033